Online Catalogue and eLibrary

Between Heaven and Helen (Record no. 5930)

MARC details
000 -LEADER
fixed length control field 00384nam a22001577a 4500
005 - DATE AND TIME OF LATEST TRANSACTION
control field 20241030044909.0
008 - FIXED-LENGTH DATA ELEMENTS--GENERAL INFORMATION
fixed length control field 241030b |||||||| |||| 00| 0 eng d
020 ## - INTERNATIONAL STANDARD BOOK NUMBER
ISBN 9781937121518
082 ## - DDC Classification
DDC Edition Number 22
Class No. 823
100 ## - MAIN ENTRY--PERSONAL NAME
Personal name Burr I, Elissa
245 ## - TITLE STATEMENT
Title Between Heaven and Helen
260 ## - PUBLICATION, DISTRIBUTION, ETC.
Name of publisher, distributor, etc. Rocket Science Productions
Date of publication, distribution, etc. 1942
300 ## - PHYSICAL DESCRIPTION
Extent (e.g. Volumes, Pages etc.) 243 p .,
650 ## - SUBJECT ADDED ENTRY--TOPICAL TERM
Topical term or geographic name entry element Short Stories
942 ## - Koha item type (Biblio)
Koha item type Books in Stacks (Lending)
Holdings
Lost status Damaged status Collection code Home library Current library Date acquired Full call number Accession Number Item type
    Lending WERC Library WERC Library 10/30/2024 823 7002 Books in Stacks (Lending)

© WERC Library